000 00718nam a2200181Ia 4500
008 100920s9999 xx 000 0 und d
082 _b82990
_a28 व 891,464 न 01
100 _aसंपादन -पुरंदरे माधुरी.
245 _aवाचू आनंदे बाल गट : दोन.
260 _bज्योत्स्ना प्रकाशन,मुंबई.
_c2001
300 _a177
_bसाधी
365 _b75
520 _aबा.वि.निबंध.
630 _aवाचू आनंदे बाल गट : दोन.
650 _aबा.वि.निबंध.
730 _aवाचू आनंदे बाल गट : दोन.
942 _cBOOK
999 _c723638
_d723635